Die Gedichte des Lebîd. Nach der Wiener Ausgabe überrsetzt und mit Anmerkungen versehn

محفوظ في:

المؤلف الرئيسي: Labīd ibn Rabīʻah

مؤلفون آخرون: Anton Huber, Carl Brockelmann

التنسيق: كتاب

اللغة: Undetermined

منشور في: German E.J. Brill, Leiden 1891

الوسوم: إضافة وسم

لا توجد وسوم, كن أول من يضع وسما على هذه التسجيلة!

رقم الطلب: (R)PJ7741.L14

LEADER 00705nam a2200193Ia 4500
005 20240702074859.0
008 221002s9999||||xx |||||||||||||| ||und||
952 |0 0  |1 0  |2 lcc  |4 0  |7 1  |9 43039  |a ARCE  |b ARCE  |d 2022-10-02  |l 0  |o (R)PJ7741.L14  |p 1035033  |r 2022-10-02 00:00:00  |w 2022-10-02  |y BK 
999 |c 49595  |d 49595 
050 4 |a (R)PJ7741.L14 
100 1 |a Labīd ibn Rabīʻah 
245 1 0 |a Die Gedichte des Lebîd. Nach der Wiener Ausgabe überrsetzt und mit Anmerkungen versehn 
264 1 |a German   |b E.J. Brill, Leiden  |c 1891 
300 |a 2v. in 1  |c 24 cm  
336 |2 rdacontent  |a text  |b txt 
337 |2 rdamedia  |a unmediated  |b n 
338 |2 rdacarrier  |a volume  |b n 
700 1 |a Anton Huber, Carl Brockelmann 
942 |2 lcc  |c BK